Holiday Quiz

Random Holiday or Math Quiz

Pi (but no cake) Quiz Stats

 Plays Quiz not verified by Sporcle

Support Sporcle.
Go Orange.
Score 0/23 Timer 04:00
0 Plays Today
% Correct
PISCES
83.3%
PIZZA
80%
PISA
73.3%
PIANO
73.3%
CUPID
70%
PIPPI
66.7%
PIAF
66.7%
OKAPI
66.7%
PINTO
63.3%
SPIKE
60%
PINTA
60%
PINE
56.7%
% Correct
MAGPIE
53.3%
PIETA
53.3%
HOPI
53.3%
PI
43.3%
2 PI
36.7%
4 PI|3
33.3%
sqrt (2 PI)
30%
PI|4
23.3%
PI|2
23.3%
4 PI
20%
PI²|2
10%

You're not logged in!

Compare scores with friends on all Sporcle quizzes.
OR
Log In

From the Vault

Most Appearances on NOW! (US)

by guide

Now that's what I call a long-running series of compilations!
Remove Ads.
Support Sporcle.
Get the best of Sporcle when you Go Orange. This ad-free experience offers more features, more stats, and more fun while also helping to support Sporcle. Thank you for becoming a member.

Show Comments

Extras

Top Quizzes Today


Score Distribution

Your Account Isn't Verified!

In order to create a playlist on Sporcle, you need to verify the email address you used during registration. Go to your Sporcle Settings to finish the process.

Report this User

Report this user for behavior that violates our Community Guidelines.

Details: